Carta Democrática Interamericana = Inter-American Democratic Charter = Charte Démocratique Interaméricaine /
| مؤلف مشترك: | |
|---|---|
| التنسيق: | كتاب |
| اللغة: | الإسبانية |
| منشور في: |
San José, Costa Rica :
IIDH,
2005
|
| الموضوعات: |
MARC
| LEADER | 00000nam a22000007a 4500 | ||
|---|---|---|---|
| 008 | 190507b2005 cr ||||| |||| 00| | spa d | ||
| 999 | |c 3724 |d 3724 | ||
| 090 | |a DOC #86 | ||
| 110 | |9 598 |a Instituto Interamericano de Derechos Humanos | ||
| 245 | 1 | 0 | |a Carta Democrática Interamericana = Inter-American Democratic Charter = Charte Démocratique Interaméricaine / |c IIDH |
| 260 | |a San José, Costa Rica : |b IIDH, |c 2005 | ||
| 300 | |a 53 páginas | ||
| 650 | 1 | 4 | |9 589 |a DEMOCRACIA |
| 651 | 4 | |9 346 |a AMÉRICA | |
| 942 | |i 003480 |h DOC #86 |2 z |c 05 | ||
